00636nam a2200181 a 450000500170000000800410001702000180005805000210007610000240009724500620012126000530018330000100023665000430024665000230028965000230031299900190033595201000035420140412111238.0001120s19uu xx 00 eng d a971-08-4373-7 aTR(GS 372.8bRIV aRivera, Aquilino R. aPhysical fitness in today's school /cAquilino R. Rivera. aManila, Phil :bNational Book Store, Inc,c1986. a86 p. aPhysical fitness -- study and teaching aPhysical education aMovement education c102580d102580 001040aELbELcTRd2000-11-20l0oTR(GS 372.8 RIVpE2093r2014-04-12 00:00:00w2014-04-12yBK